| 000 | 00713cab a2200181 4500 | ||
|---|---|---|---|
| 001 | ##L132959 | ||
| 008 | 060327n2006 000 0 eng u | ||
| 035 | _a(Sirsi) u132959 | ||
| 041 | 0 | _aeng | |
| 100 | 1 | _aRaynsford, Nick | |
| 245 | 0 | 2 | _aA position of power |
| 260 | _c2006 | ||
| 490 | 0 |
_aBuilding _v271(8423) 24 March 2006, 34(1) |
|
| 520 | _aArgues that the construction industry has an important role to play in the debate over energy requirements. It has practical experience of the technologies likely to be involved and a detailed understanding of the impact of different approaches on demand and supply. | ||
| 590 | _aIKA280306 | ||
| 690 | _aENVIRONMENTAL AND LAND CONSULTANCY-ENERGY | ||
| 942 | _n0 | ||
| 999 |
_c76717 _d76717 |
||